000 00637nam a2200229 a 4500
008
020 _a0521598869 (pbk.)
049 _aMAIN
090 _aQA913
100 1 _aPope, Stephen. B.
245 1 0 _aTurbulent flows /
_cStephen B. Pope.
260 _aCambridge :
_bCambridge University Press,
_c2000.
300 _axxxiv, 771 p. ;
_c25 cm.
504 _aIncludes bibliographical references.
500 _aIncludes index.
650 0 _aTurbulence.
907 _a.b10081719
_b05-09-05
_c11-07-03
003
005 20230123134101.0
040 _cNUST
942 _cBOOKS
_kQA913
999 _c159756
_d159756